| 000 | 01108nam a2200241Ia 4500 | ||
|---|---|---|---|
| 999 |
_c37701 _d37701 |
||
| 001 | 3674 | ||
| 003 | GE_BSU | ||
| 005 | 20190625162148.0 | ||
| 008 | 181216s2008||||ge |||||||||||||| ||geo|| | ||
| 020 | _a9789941007385 | ||
| 040 | _cGE_BSU | ||
| 041 | _ageo | ||
| 080 | _a327.5 ც–97 | ||
| 245 |
_aცხინვალის რეგიონი (2004-2007): სეპარატიზმისა და რუსეთის აგრესიის შესაჩერებლად / _cპოლიტოლოგიის ინ-ტი ; რედ. ვაჟა კეშელავა. |
||
| 264 |
_aთბილისი : _bახალი აზრი, _c2008. |
||
| 300 |
_a88 გვ.; _b20 სმ. |
||
| 504 | _a ბიბლიოგრ. ტექსტის შენიშვნ. | ||
| 520 | _aრეზ. ინგლ. | ||
| 653 | _aქართულ-ოსური კონფლიქტი | ||
| 700 |
_aკეშელავა, ვაჟა _eრედაქტორი _92909 |
||
| 710 |
_aპოლიტოლოგიის ინ-ტი _9769 |
||
| 942 |
_cBK _2udc |
||